00554cam a22002171 4500001001300000003000400013005001700017008004100034010001700075035002000092040001800112050001800130100003700148245002400185260001100209300001900220500001400239500004000253650002600293999001700319sa 67003298 DLC20260227112337.0890808s1966 ii 000 1 tamo  asa 67003298  a(OCoLC)20142375 aDLCcWaUdDLC00aPL4758.4b.S20 aCālai Iḷantiraiyan̲,d1930-10aCir̲ukataiccelvam. c[1966] a232 p.c18 cm. aIn Tamil. aEssays previously published in Uma. 0aShort stories, Tamil. c73772d73772